| 000 | 00683nam a22002297a 4500 | ||
|---|---|---|---|
| 005 | 20170124105923.0 | ||
| 010 | _aB-11636 | ||
| 020 | _c00.00 | ||
| 035 | _aB-11636 | ||
| 037 | _bCen Lib/Ret | ||
| 040 |
_aDPL _bEN |
||
| 082 |
_a327.3405465 _bDIX |
||
| 100 |
_aDixit, J. N. _971881 |
||
| 245 |
_aLiberation and beyond : _cby J. N. Dixit _bIndo-Bangladesh relations / |
||
| 260 |
_aDelhi _bKonark Publishers _c1999 |
||
| 270 |
_aA-149, Main Vikas Marg _bDelhi _e110092 |
||
| 300 |
_axii317p. _c22cm(Hb) |
||
| 500 | _aIncludes index | ||
| 650 |
_aForeign relations _92403 |
||
| 650 |
_aAlienation-Foreign relations _95372 |
||
| 942 |
_2ddc _cEN _h327.3405465 _mDIX |
||
| 999 |
_c123316 _d123316 |
||